Statistics for Fantastic Beasts Characters

Click here to take the quiz!

General Stats

  • This quiz has been taken 15 times
  • The average score is 10 of 17

Answer Stats

First MovieCharacter% Correct
Crimes Of
Grindlewald
Albus Dumbledore
100%
Where To
Find Them
Jacob Kowalski
100%
Where To
Find Them
Newt Scamander
100%
Where To
Find Them
Gellert Grindlewald
92%
Where To
Find Them
Queenie Goldstein
92%
Where To
Find Them
Tina Goldstein
92%
Where To
Find Them
Credence Barebone/
Aurelius Dumbledore
77%
Crimes Of
Grindlewald
Leta Lestrange
77%
Crimes Of
Grindlewald
Theseus Scamander
69%
Crimes Of
Grindlewald
Minerva McGonagall
38%
Crimes Of
Grindlewald
Nagini
38%
Secrets Of
Dumbledore
Aberforth Dumbledore
31%
Secrets Of
Dumbledore
Bunty
31%
Secrets Of
Dumbledore
Lally Hicks
23%
Where To
Find Them
Chastity Barebone
15%
Where To
Find Them
Mary Lou Barebone
15%
Where To
Find Them
Modesty Barebone
15%

Score Distribution

Percentile by Number Answered

Percent of People with Each Score

Your Score History

You have not taken this quiz